| 000 | 00991nam a22003017a 4500 | ||
|---|---|---|---|
| 001 | 5836 | ||
| 003 | FISKH | ||
| 005 | 20250124090159.0 | ||
| 008 | 250124b cb ||||| |||| 00| 0 eng d | ||
| 020 | _a9780395442371 | ||
| 040 |
_aFISKH _beng _cFISKH _dFISKH |
||
| 050 | _aPZ8.L88 | ||
| 082 | _a823.914 | ||
| 100 |
_aLord, Vernon John _d(1939-) |
||
| 245 |
_aThe giant jam sandwich / _cStory and pictures by John Vernon Lord with verses by Janet Burroway |
||
| 250 | _aThis edition published in 1972 | ||
| 260 |
_aNew York : _bHoughton Mifflin, _c1972. |
||
| 300 |
_a32 pages : _bcolor illustrations ; _c20 cm |
||
| 505 | _aG | ||
| 520 | _aWhen four million wasps fly into their village, the citizens of Itching Down devise a way of getting rid of them. | ||
| 521 | 8 |
_a380
_bLexile estimate |
|
| 521 | 8 |
_aG
_bRaz-Plus |
|
| 650 |
_2Insects _aWasps |
||
| 650 |
_2Problem solving _aRhyming |
||
| 700 |
_aLord, Vernon John _dillustrator |
||
| 942 |
_2ddc _cBK _n0 |
||
| 999 |
_c5836 _d5836 |
||